| 000 | 01931ngm a2200409 4500 | ||
|---|---|---|---|
| 003 | dpl | ||
| 005 | 20080723110517.0 | ||
| 007 | DVD | ||
| 008 | ||||||sp199 xxu|||||c|||| 00| 0 eng d | ||
| 010 | _aDVD-000596 | ||
| 024 |
_a15813 _c499.00 |
||
| 035 | _aDVD-000596 DVD-001077-1078 | ||
| 040 |
_aDPL _cDPL |
||
| 082 | _aDVD / GOOD | ||
| 245 |
_aGood The Bad and the Ugly _c20th Century Fox Presents _h[videorecording] DVD/ |
||
| 246 | _a. | ||
| 260 | _b20th Century Fox Homeentertainment | ||
| 300 |
_a1 videodisc DVD; (178 min.) : _bsd., col. ; _c4 3/4 in. _fDVD |
||
| 440 | _a20th Centyry Fox Home Entertainment | ||
| 500 | _aSole Distributor in India M/s. Excel Productions Autio Visuals Pvt. Ltd. | ||
| 500 | _aBrilliant, Impressive, Overwhelming Entertainment | ||
| 538 | _aDolby Digital 5.1-English, Spanish, Portuguees Subtitles: English, Cantonese,Thai, Korean, Bahasa, Mandarin | ||
| 538 | _aAspect Ratio: 2.35:1, Presentation type: Wide Screne, Presentation Size 16x9, Format DVD 9 Dual Layer Single Sided Disc. | ||
| 650 | _aMotion Picture | ||
| 700 | _aEastwood, Clint | ||
| 700 | _aCleef, Lee Van | ||
| 700 | _aGuffre, Aldo | ||
| 700 | _aBrega, Mario | ||
| 700 | _aWallach, Eli | ||
| 700 | _aVincenzoni, Luciano | ||
| 700 | _aLeone, Sergio | ||
| 942 |
_cCF _2ddc _hDVD _mGOOD |
||
| 999 |
_c15700 _d15700 |
||